Green Day Lyrics - Graffitia - Statistics

General Stats
  • This quiz has been taken 10 times
  • The average score is 166 of 281
Answer Stats
Graffitia % Correct
A
100%
a
100%
the
100%
Are
88%
long
88%
we
88%
We
88%
for
75%
last
75%
to
75%
all
63%
All
63%
(All
63%
forgotten?
63%
go
63%
Graffitia
63%
in
63%
it
63%
lost
63%
love?
63%
was
63%
at
50%
It's
50%
on
50%
one
50%
perfect
50%
that
50%
This
50%
time
50%
town
50%
town)
50%
were
50%
we're
50%
Another
38%
(Another
38%
believers
38%
big
38%
black
38%
Callin'
38%
(Callin'
38%
city
38%
down
38%
dreamers
38%
kid
38%
mining
38%
of
38%
shot
38%
souls
38%
with
38%
and
25%
capital
25%
capital)
25%
crime
25%
enough
25%
from
25%
goin'
25%
good
25%
got
25%
Hallelujah
25%
heaven
25%
If
25%
isn't
25%
lame
25%
man
25%
shots
25%
Singin'
25%
wager
25%
wager)
25%
wasted)
25%
afterglow
13%
badge
13%
banks
13%
Breakin'
13%
(Breaking
13%
But
13%
Darkness
13%
daytime
13%
during
13%
falls
13%
hope
13%
hope)
13%
Life
13%
lonely
13%
oh)
13%
(Only
13%
show
13%
wartime
13%
Death
0%
(Woah-
0%
No matching quizzes found
Score Distribution
Percent of People with Each Score
Percentile by Number Answered
Your Score History
You have not taken this quiz